| 000 | 00932nam a2200241 a 4500 | ||
|---|---|---|---|
| 001 | 000043578 | ||
| 005 | 20250227073855.0 | ||
| 008 | 140326s2014 dr 000 0 spa d | ||
| 020 | _a9789945583472 | ||
| 040 |
_aDO-SdBNP _bspa _cBNPHU |
||
| 082 |
_aRD861.5 _bM545e |
||
| 100 | 1 |
_aMenieur, Luis R. de Jesús, _d1926- _971398 |
|
| 245 | 1 | 0 |
_aEstrofas montecristeñas / _cLuis Rafael de Jesús Menieur ; edición Ida Hernández Caamaño con la colaboración de José Alcántara Almánzar. |
| 260 |
_aSanto Domingo : _bSantuario, _c2014. |
||
| 300 |
_a112 p. ; _c23 cm. |
||
| 500 | _aIncluye datos biográficos del autor en las solapas de la cubierta. | ||
| 590 | _aInventariado, 2019 / DG | ||
| 650 | 0 |
_aPoesía dominicana _966 |
|
| 650 | 0 |
_aLiteratura dominicana. _967 |
|
| 700 | 1 | 2 |
_aHernández Caamaño, Ida, _eed. _954293 |
| 700 | 1 | 2 |
_aAlcántara Almánzar, José _d1946- _ecol. _97018 |
| 910 | _aValidado. Control de calidad EMS | ||
| 999 |
_c43067 _d43067 |
||